| 000 | 00672nam a22002417a 4500 | ||
|---|---|---|---|
| 999 |
_c8347 _d8347 |
||
| 001 | 10233 | ||
| 003 | BD-DhUAP | ||
| 005 | 20230727132200.0 | ||
| 008 | 230727b2003 ny dd||| |||| 00| 0 eng d | ||
| 020 | _a0195669770 | ||
| 040 |
_aBD-DhUAP _bEng _cBD-DhUAP _dBD-DhUAP |
||
| 082 |
_223 _a651.75 ASH |
||
| 100 | _aAshley, A. | ||
| 245 |
_aA handbook of commercial correspondence / _cA. Ashley. |
||
| 250 | _aNew ed. | ||
| 260 |
_aNew York : _bOxford University Press, _cc2003 [2004]. |
||
| 300 |
_a304 pages ; _c27 cm. |
||
| 504 | _aIncludes index. | ||
| 650 | _aCommercial correspondence. | ||
| 650 | _aLetter writing. | ||
| 650 | _aBusiness writing. | ||
| 942 |
_2ddc _cBK |
||